ბათუმის შოთა რუსთაველის სახელმწიფო უნივერსიტეტის ბიბლიოთეკა

ელექტრული ციფრული მანქანების სქემების ლოგიკური ანალიზი და სინთეზი : (ბიბ.ჩანაწერი № 39409)

000 -ლიდერი
ფიქსირებული სიგრძის საკონტროლო ველი 01076nam a2200205Ia 4500
001 - საკონტროლო ნომერი
საკონტროლო ველი 6000
003 - საკონტროლო ნომრის იდენტიფიკატორი
საკონტროლო ველი GE_BSU
005 - ბოლო ოპერაციის თარიღი და დრო
საკონტროლო ველი 20190516160402.0
008 - ფიქსირებული სიგრძის მონაცემთა ელემენტები - ზოგადი ინფორმაცია
ფიქსირებული სიგრძის საკონტროლო ველი 181216s1967||||ge |||||||||||||| ||geo||
040 ## - კატალოგიზაციის წყარო
Transcribing agency GE_BSU
041 ## - ენის კოდი
Language code of text/sound track or separate title geo
080 ## - უნივერსალური ათობითი კლასიფიკაციის ინდექსი
Universal Decimal Classification number 004.7(075) გ-12
100 ## - მთავარი ჩანაწერი - პიროვნების სახელი
Personal name გაბაშვილი, ნ.
9 (RLIN) 961
245 ## - ცნობა სათაურის შესახებ
Title ელექტრული ციფრული მანქანების სქემების ლოგიკური ანალიზი და სინთეზი :
Remainder of title დამხმ. სახელმძღ. /
Statement of responsibility, etc ნ. გაბაშვილი ; რედ. გ. ტყეშელაშვილი.
264 ## - წარმოების, გამოცემის, დისტრიბუციის და სხვა ცნობები
გამოცემის, წარმოების, დისტრიბუციის... ადგილი თბილისი :
გამოცემის, წარმოების, დისტრიბუციის... სახელწოდება განათლება,
გამოცემის, წარმოების, დისტრიბუციის... თარიღი 1967.
300 ## - ფიზიკური აღწერა
Extent 92 გვ. ;
Dimensions 20 სმ.
653 ## - INDEX TERM--UNCONTROLLED
Uncontrolled term ელექტრული ციფრული მანქანების სქემების ლოგიკური ანალიზი და სინთეზი
700 ## - ADDED ENTRY--PERSONAL NAME
Personal name ტყეშელაშვილი, გ.
Relator term რედაქტორი
9 (RLIN) 1250
942 ## - ADDED ENTRY ELEMENTS (KOHA)
Koha item type წიგნი
Source of classification or shelving scheme
ეგზემპლარები
ჩამოწერის სტატუსი დაკარგული ეგზემპლარის სტატუსი კლასიფიკაციის წყარო ან თაროზე გაწყობის სქემა დაზიანების სტატუსი არ გაიცემა მუდმივი მდებარეობა (დაცვის ადგილი) ამჟამინდელი ადგილსამყოფელი თაროზე განთავსების ადგილი შეძენის თარიღი ღირებულება, შესყიდვის ნორმალური ფასი სრული შენახვის შიფრი შტრიხკოდი ბოლო ოპერაციის თარიღი ეგზემპლარის მიმდევრობითი ნომერი (კეტერი?) ფასის ძალაში შესვლის თარიღი ეგზემპლარის სახეობა საჯარო შენიშვნა
          ტექნოლოგიური ფაკულტეტის ბიბლიოთეკა ტექნოლოგიური ფაკულტეტის ბიბლიოთეკა წიგნსაცავი 2018-12-17 0.52 004.7(075) გ-12 11882 2018-12-17 11882 2018-12-17 წიგნი 0.52 ლ.
          ტექნოლოგიური ფაკულტეტის ბიბლიოთეკა ტექნოლოგიური ფაკულტეტის ბიბლიოთეკა წიგნსაცავი 2018-12-17 0.52 004.7(075) გ-12 11883 2018-12-17 11883 2018-12-17 წიგნი 0.52 ლ.
          ტექნოლოგიური ფაკულტეტის ბიბლიოთეკა ტექნოლოგიური ფაკულტეტის ბიბლიოთეკა წიგნსაცავი 2018-12-17 0.52 004.7(075) გ-12 11884 2018-12-17   2018-12-17 წიგნი 0.52 ლ.